| 000 | 00410nam a2200169Ia 4500 | ||
|---|---|---|---|
| 008 | 230711s9999||||xx |||||||||||||| ||und|| | ||
| 020 | _a978-81-8487-201-9 | ||
| 041 | _aENG | ||
| 082 |
_a547 _bAH-G |
||
| 100 | _aAhluwalia,V.K | ||
| 245 | 0 | _aGreen Chemistry:- A Textook | |
| 250 | _a6th Ed. | ||
| 260 |
_c2021 _aNew Delhi _bNarosa Publishing House |
||
| 300 | _a16.13p. | ||
| 650 | _aChemistry | ||
| 942 | _cBK | ||
| 999 |
_c6905 _d6905 |
||